000
00260nam a2200109Ia 4500
008
190216s9999||||xx |||||||||||||| ||und||
100
_a
Kumaranasan N
245
0
_a
Chinthavishtayaya Seetha
260
_b
Prabhath Book House
650
_a
Kavithkal
942
_c
BK
999
_c
23860
_d
23860